| 000 | 00570nam a2200181Ia 4500 | ||
|---|---|---|---|
| 008 | 220216s9999 xx 000 0 und d | ||
| 100 | _aYeang H Y | ||
| 245 | 2 | _aA preliminary investigation into the relationship between latex invertase and latex vessel plugging in Hevea brasiliensis | |
| 260 |
_bJournal of the Rubber Research Institute of Malaysia _c1984 |
||
| 300 | _a50-62 | ||
| 650 | _aHevea brasiliensis | ||
| 650 | _aLatex vessel plugging | ||
| 700 | _aGomez J B | ||
| 700 | _aLow F C | ||
| 700 | _aParanjothy K | ||
| 700 | _aSivakumaran S | ||
| 942 | _cJS | ||
| 999 |
_c53507 _d53507 |
||